Countries by Military Strength - Statistics

General Stats
  • This quiz has been taken 34 times
  • The average score is 13 of 20
Answer Stats
Rank PowerIndex Answer % Correct
3 0.0722 China
100%
2 0.0714 Russia
100%
1 0.0712 United States
100%
4 0.1025 India
96%
5 0.1435 United Kingdom
93%
6 0.1505 South Korea
81%
7 0.1694 Pakistan
78%
9 0.1848 France
70%
8 0.1711 Japan
70%
12 0.2151 Brazil
67%
11 0.2016 Turkiye
67%
10 0.1973 Italy
63%
14 0.2224 Egypt
44%
15 0.2516 Ukraine
41%
13 0.2221 Indonesia
37%
17 0.2712 Iran
37%
18 0.2757 Israel
37%
16 0.2567 Australia
30%
20 0.3406 Poland
30%
19 0.2855 Vietnam
22%
No matching quizzes found
Score Distribution
Percent of People with Each Score
Percentile by Number Answered
Your Score History
You have not taken this quiz